|
|
|
|
| LEADER |
00804nam a2200205 a 4500 |
| 008 |
100112s2006 bg b 000 0 eng d |
| 020 |
|
|
|a 9840801872
|
| 040 |
|
|
|a BD-DhAAL
|c BD-DhAAL
|
| 082 |
0 |
4 |
|a 891.44
|2 22
|
| 100 |
0 |
|
|a Mizanur Rahman Shelly.
|
| 245 |
0 |
0 |
|a The windmills of your mind /
|c Mizanur Rahman Shelly.
|
| 260 |
|
|
|a Dhaka, Bangladesh :
|b Academic Press and Publishers Library,
|c 2006.
|
| 300 |
|
|
|a xii, 251 p ;
|c 23 cm.
|
| 504 |
|
|
|a Includes bibliographical references.
|
| 541 |
1 |
|
|e 00016635
|
| 650 |
|
0 |
|a Bangladeshi prose literature (English).
|
| 650 |
|
0 |
|a Bangladesh
|x History.
|
| 852 |
4 |
|
|a Ayesha Abed Library
|j General shelf
|
| 999 |
|
|
|c 6929
|d 6929
|
| 952 |
|
|
|0 0
|1 0
|2 ddc
|4 0
|6 891_440000000000000_MIZ_2006
|7 0
|9 7160
|a BRACUL
|b BRACUL
|c GEN
|d 2010-01-13
|l 0
|o 891.44 MIZ
|p 3010016635
|r 2010-01-13
|t 1
|w 2010-01-13
|y BK
|